Countries of Europe Speedrun. - Statistics

General Stats
  • This quiz has been taken 383 times
  • The average score is 24 of 45
Answer Stats
Answer % Correct
United Kingdom
84%
Spain
79%
France
76%
Germany
74%
Finland
72%
Sweden
72%
Norway
69%
Ireland
66%
Portugal
66%
Denmark
64%
Iceland
63%
Russia
63%
Italy
60%
Belgium
58%
Latvia
57%
Netherlands
57%
Estonia
56%
Poland
56%
Slovakia
55%
Ukraine
55%
Belarus
54%
Lithuania
54%
Andorra
52%
Greece
52%
Slovenia
49%
Serbia
48%
Austria
47%
Bulgaria
47%
Romania
47%
Albania
46%
Luxembourg
45%
Monaco
44%
Switzerland
43%
Bosnia and Herzegovina
42%
Hungary
41%
Kosovo
41%
Croatia
39%
Vatican City
38%
Czechia
36%
San Marino
36%
Liechtenstein
35%
Malta
34%
Moldova
33%
Montenegro
33%
North Macedonia
31%
No matching quizzes found
Score Distribution
Percent of People with Each Score
Percentile by Number Answered
Your Score History
You have not taken this quiz